LIBRARY & INFORMATION CENTRE, KCAET, TAVANUR

ONLINE PUBLIC ACCESS CATALOGUE (OPAC)

Notes on Industrial Economics and managements / (Record no. 11904)

MARC details
000 -LEADER
fixed length control field 00351cam a2200145ua 4500
041 ## - LANGUAGE CODE
Language code of text/sound track or separate title eng
082 ## - DEWEY DECIMAL CLASSIFICATION NUMBER
Classification number 338
Item number BOS/NO
100 ## - MAIN ENTRY--AUTHOR NAME
Personal name Bose, H.N .
245 ## - TITLE STATEMENT
Title Notes on Industrial Economics and managements /
260 ## - PUBLICATION, DISTRIBUTION, ETC. (IMPRINT)
Place of publication :
Name of publisher cermaric ,
Year of publication 1954.
300 ## - PHYSICAL DESCRIPTION
Number of Pages 188 ; .
942 ## - ADDED ENTRY ELEMENTS (KOHA)
Koha item type Books
Holdings
Withdrawn status Lost status Damaged status Home library Current library Date acquired Full call number Accession Number Koha item type
Withdrawn     KAUAET Sanskrit University 07/04/2012 338 9579 Books
Withdrawn     KAUAET Sanskrit University 07/11/2022 338 BOS/NO 9578 Books
free website counter